000 00737nam a2200289Ia 4500
005 20260324124856.0
008 008 260324s9999 xx 000 0 eng d
020 _a9780203862186
037 _aEBOOK
040 _aCRL
040 _beng
040 _cCRL
041 _2eng
041 _aeng
084 _qCRL
100 _aHarry Goulbourne; Tracey Reynolds; John Solomos; Elisabetta Zontini
_91175827
245 0 _aTransnational Families
245 0 _bEthnicities, Identities and Social Capital
260 _bTaylor and Francis
260 _c2010
365 _a
365 _b240
856 _uhttp://www.taylorfrancis.com/books/9780203862186
942 _cEBOOK
999 _c1770606
_d1770606